The challenges for geography in higher education in European universities

Elmentve itt :
Bibliográfiai részletek
Szerzők: Droogleever Fortuijn J
Kovács Zoltán
Le Blanc A.
O’Reilly G.
Paul L.
Pejdo A.
Dokumentumtípus: Cikk
Megjelent: 2020
Sorozat:J-READING: JOURNAL OF RESEARCH AND DIDACTICS IN GEOGRAPHY 9 No. 1
Tárgyszavak:
doi:10.4458/3099-05

mtmt:31357810
Online Access:http://publicatio.bibl.u-szeged.hu/39487
LEADER 00934nab a2200277 i 4500
001 publ39487
005 20260319110024.0
008 260319s2020 hu o 000 eng d
022 |a 2281-4310 
024 7 |a 10.4458/3099-05  |2 doi 
024 7 |a 31357810  |2 mtmt 
040 |a SZTE Publicatio Repozitórium  |b hun 
041 |a eng 
100 1 |a Droogleever Fortuijn J 
245 1 4 |a The challenges for geography in higher education in European universities  |h [elektronikus dokumentum] /  |c  Droogleever Fortuijn J 
260 |c 2020 
300 |a 12 
300 |a 49-60 
490 0 |a J-READING: JOURNAL OF RESEARCH AND DIDACTICS IN GEOGRAPHY  |v 9 No. 1 
650 4 |a Társadalom- és gazdaságföldrajz 
700 0 1 |a Kovács Zoltán  |e aut 
700 0 2 |a Le Blanc A.  |e aut 
700 0 2 |a O’Reilly G.  |e aut 
700 0 2 |a Paul L.  |e aut 
700 0 2 |a Pejdo A.  |e aut 
856 4 0 |u http://publicatio.bibl.u-szeged.hu/39487/1/document1.pdf  |z Dokumentum-elérés